000 00290nam a2200097Ia 4500
008 200302s9999 xx 000 0 und d
100 _aRobert Wilson
245 _aArchitectur Und Design Design : Neue Synergien / Architecture
260 _bBirkhauser-Publishers for Architecture
260 _c2001
999 _c5056
_d5056